[Event "4th IECC"]
[Site "Istanbul TUR"]
[Date "2003.06.13"]
[Round "13"]
[White "Bologan,V"]
[Black "Milov,V"]
[Result "1/2-1/2"]
[WhiteElo "2663"]
[BlackElo "2574"]

1.e4 e6 2.d4 d5 3.Nc3 dxe4 4.Nxe4 Nd7 5.Nf3 Ngf6 6.Nxf6+ Nxf6 7.c3 c5 8.Ne5 a6
9.Qa4+ Bd7 10.Nxd7 Qxd7 11.Qxd7+ Kxd7 12.dxc5 Bxc5 13.Bd3 Ke7 14.f3 Rad8
15.Ke2 Rd7 16.Bf4 Bd6 17.Bg5 h6 18.Bh4 Rc8 19.Rad1 g5 20.Be1 Nd5 21.g3 Nb6
22.Bd2 Be5 23.Bc1 Nc4 24.f4 gxf4 25.gxf4 Bf6 26.Rhg1 b5 27.Rg3 h5 28.Rdg1 Rdd8
29.Rd1 a5 30.f5 Rd5 31.fxe6 fxe6 32.Bc2 h4 33.Rf3 Rxd1 34.Bxd1 Rg8 35.b3 Nd6
36.c4 Rg2+ 37.Rf2 Rxf2+ 38.Kxf2 bxc4 39.bxc4 Nxc4 40.Bb3 Nb6 41.Be3 Nd5 42.Bd2  1/2-1/2

[Event "MTO"]
[Site "Biel SUI"]
[Date "2003.07.22"]
[Round "2"]
[White "Milov,V"]
[Black "Raetsky,A"]
[Result "0-1"]
[WhiteElo "2595"]
[BlackElo "2438"]

1.d4 d5 2.c4 dxc4 3.Nf3 Nf6 4.e3 a6 5.a4 Bg4 6.Bxc4 e6 7.h3 Bh5 8.Nc3 Nc6
9.Qe2 Bb4 10.Bd2 O-O 11.g4 Bg6 12.Rd1 Qe7 13.Nh4 Bc2 14.Ra1 Na5 15.Rc1 Nxc4
16.Qxc4 Bxa4 17.Nxa4 Bxd2+ 18.Kxd2 Ne4+ 19.Ke2 Qxh4 20.Rh2 b5 21.Qc6 bxa4
22.Qxe4 Rab8 23.Rc2 Rb6 24.Qd3 Rfb8 25.Qa3 h5 26.gxh5 Qxh5+ 27.Kd2 Qg6 28.f4 Rb3  0-1

[Event "MTO"]
[Site "Biel SUI"]
[Date "2003.07.25"]
[Round "5"]
[White "Arizmendi Martinez,J"]
[Black "Milov,V"]
[Result "1-0"]
[WhiteElo "2521"]
[BlackElo "2595"]

1.e4 d6 2.d4 g6 3.Nf3 Bg7 4.Be2 Nf6 5.Nc3 Bg4 6.Bg5 h6 7.Be3 Nc6 8.d5 Bxf3
9.gxf3 Nb8 10.Qd2 c6 11.O-O-O Nbd7 12.f4 Qa5 13.Rhg1 a6 14.dxc6 bxc6 15.e5 dxe5
16.f5 g5 17.h4 Rb8 18.hxg5 hxg5 19.Bxg5 Kf8 20.Bc4 e4 21.Nxe4 Qe5 22.Nc3 Qxf5
23.Be3 Qa5 24.Rg5 Qb4 25.Bb3 c5 26.a3 Qh4 27.Ba4 Bh6 28.Bxd7 Nxd7 29.Rd5 Bxe3
30.fxe3 Nf6 31.Rxc5 Qg3 32.Qd4 Rh3 33.e4 Rh4 34.Rg1 Qf4+ 35.Kb1 Rh2 36.Rf5 Qc7
37.e5 Ne4 38.Qxe4 Qxc3 39.Rxf7+ Ke8 40.Rf8+ Kxf8 41.Qf5+  1-0

[Event "MTO"]
[Site "Biel SUI"]
[Date "2003.07.27"]
[Round "6"]
[White "Milov,V"]
[Black "Papa,S"]
[Result "1/2-1/2"]
[WhiteElo "2595"]
[BlackElo "2372"]

1.c4 e5 2.Nc3 Bb4 3.Nf3 Bxc3 4.dxc3 d6 5.e4 Nc6 6.Bd3 Nge7 7.Nh4 O-O 8.Qf3 Ng6
9.Nf5 Nh4 10.Qg4 Nxf5 11.exf5 f6 12.h4 Ne7 13.h5 Qd7 14.Qe2 Nxf5 15.g4 Ne7
16.Rg1 c6 17.Be3 b6 18.O-O-O Qe6 19.Qc2 h6 20.f4 e4 21.Bxe4 f5 22.gxf5 Nxf5
23.Qg2 Re8 24.Bxf5 Qxe3+ 25.Rd2 Re7 26.Bd3 Bd7 27.Qg6 Kf8 28.Kc2 Be8 29.Qf5+ Rf7
30.Qg4 Qxf4 31.Qg2 Qf3 32.Qg6 Qf6 33.Qg2 Qf3 34.Qg6 Qf6 35.Qe4 Rd8 36.Rdg2 d5
37.cxd5 Rxd5 38.Bc4 Re5 39.Qh7 Qf5+ 40.Qxf5 Rfxf5 41.Rxg7 Rg5 42.R1xg5 Rxg5
43.Rxa7 Rxh5 44.a4 Ra5 45.Rxa5 bxa5 46.b4 c5 47.bxa5 Bxa4+ 48.Kd3 Bc6 49.Bb3 Ke7
50.Kc4 Kd6 51.Bd1 Be8 52.Bf3 Bc6 53.Bh5 Bd7 54.Bg6 Ba4 55.a6 Bc6 56.Bf7 Bd7
57.a7 Bc6 58.Bg6 Ba8 59.Kb5 Kc7  1/2-1/2

[Event "MTO"]
[Site "Biel SUI"]
[Date "2003.07.28"]
[Round "7"]
[White "Miltner,A"]
[Black "Milov,V"]
[Result "1-0"]
[WhiteElo "2383"]
[BlackElo "2595"]

1.d4 Nf6 2.Nf3 d5 3.Nbd2 g6 4.e3 Bg7 5.b4 O-O 6.Bb2 Qd6 7.b5 c5 8.dxc5 Qxc5
9.c4 a6 10.a4 axb5 11.axb5 Rxa1 12.Qxa1 Nbd7 13.cxd5 Qxd5 14.Bc4 Qh5 15.Be2 Nb6
16.Bd4 Nbd5 17.O-O Rd8 18.Rc1 Be6 19.Qa7 b6 20.Qa1 Qh6 21.Nc4 Ne4 22.Nfe5 Qh4
23.g3 Qh6 24.h4 Bf6 25.Bf3 Bxe5 26.Bxe4 Bc7 27.Qa7 Qh5 28.Nxb6 Bb8 29.Qb7 Bxg3
30.fxg3 Qg4 31.Nxd5 Bxd5 32.Bxd5 Qxg3+ 33.Bg2  1-0

[Event "MTO"]
[Site "Biel SUI"]
[Date "2003.07.29"]
[Round "8"]
[White "Milov,V"]
[Black "Lada,I"]
[Result "1-0"]
[WhiteElo "2595"]
[BlackElo "2199"]

1.d4 d6 2.e4 g6 3.f4 Bg7 4.Nc3 c6 5.Nf3 Bg4 6.Be3 e6 7.h3 Bxf3 8.Qxf3 d5
9.O-O-O Ne7 10.g4 Nd7 11.f5 dxe4 12.Nxe4 exf5 13.Nd6+ Kf8 14.Bc4 Nd5 15.Bxd5 cxd5
16.gxf5 Nf6 17.Bf4 Qd7 18.Be5 g5 19.Rhe1 h5 20.Qa3 Kg8 21.Rg1 Kh7 22.Rxg5 Bh6
23.h4 Rad8 24.Kb1 Bxg5 25.hxg5 Ng4 26.Nxf7 Nxe5 27.Nxe5 Qxf5 28.Qe7+  1-0

[Event "MTO"]
[Site "Biel SUI"]
[Date "2003.07.30"]
[Round "9"]
[White "Bick,J"]
[Black "Milov,V"]
[Result "0-1"]
[WhiteElo "2280"]
[BlackElo "2595"]

1.d4 Nf6 2.c4 e6 3.Nc3 Bb4 4.a3 Bxc3+ 5.bxc3 c5 6.f3 d5 7.e3 Nc6 8.Rb1 O-O
9.cxd5 Nxd5 10.Qd2 Qe7 11.Bd3 cxd4 12.cxd4 e5 13.Ne2 exd4 14.exd4 Be6 15.O-O Rac8
16.Re1 Rfd8 17.Kh1 b6 18.f4 Qf6 19.Ng3 Qxd4 20.f5 Nf6 21.Bb2 Qxd3 22.Qg5 h6
23.Qh4 Qc4 24.Bxf6 Qxh4 25.Bxh4 Ba2 26.Rb2 Re8 27.Ra1 Bc4 28.Nh5 Re5 29.Rf2 Nd4
30.Rc1 Nxf5 31.Bf6 gxf6 32.Nxf6+ Kg7 33.Nh5+ Kf8 34.Nf6 Kg7 35.Nh5+ Kf8 36.Nf6 Be6
37.Rcf1 Ne7 38.Ng4 Re4  0-1

[Event "MTO"]
[Site "Biel SUI"]
[Date "2003.08.01"]
[Round "11"]
[White "Rashkovsky,N"]
[Black "Milov,V"]
[Result "1-0"]
[WhiteElo "2510"]
[BlackElo "2595"]

1.d4 g6 2.Nf3 Bg7 3.g3 c5 4.d5 d6 5.Bg2 Nf6 6.O-O b5 7.Re1 O-O 8.e4 Nbd7
9.a4 b4 10.Nbd2 Qc7 11.Nc4 Nb6 12.Nfd2 Bg4 13.f3 Bd7 14.a5 Nxc4 15.Nxc4 Bb5
16.Bf1 Nd7 17.Ra2 Ba6 18.b3 Rae8 19.Bf4 Bc3 20.Bd2 Bg7 21.Bf4 Bxc4 22.Bxc4 Ne5
23.Bb5 Rb8 24.Be2 Rfe8 25.Kg2 e6 26.a6 Rbd8 27.Bg5 f6 28.Bf4 f5 29.Bb5 fxe4
30.Rxe4 Rf8 31.dxe6 d5 32.Re1 Rf5 33.Bxe5 Rxe5 34.Bd7 Rxd7 35.exd7 Qxd7 36.Rxe5 Bxe5
37.Ra5 Qc6 38.Qe2 Bc7 39.Ra1  1-0

[Event "23rd Open"]
[Site "Bratto ITA"]
[Date "2003.08.21"]
[Round "1"]
[White "Milov,V"]
[Black "Capone,V"]
[Result "1-0"]
[WhiteElo "2595"]
[BlackElo "2133"]

1.d4 Nf6 2.c4 c5 3.d5 b5 4.Nf3 d6 5.cxb5 a6 6.b6 Qxb6 7.Nc3 g6 8.e4 Nbd7
9.Nd2 a5 10.Bb5 Bg7 11.Nc4 Qb8 12.O-O Ba6 13.a4 O-O 14.Bg5 Bxb5 15.axb5 Qc7
16.Qe2 Rfe8 17.f4 h6 18.Bh4 Nb6 19.Nxb6 Qxb6 20.e5 Nh7 21.Ra4 e6 22.Re4 Rab8
23.Rd1 g5 24.Bg3 Rbd8 25.exd6 Bd4+ 26.Kh1 Rxd6 27.fxg5 Nxg5 28.Bxd6 Bxc3
29.Rh4 Bg7 30.Bf4 e5 31.d6 Qd8 32.Bxg5 hxg5 33.Rc4 Re6 34.d7 Bf8 35.Rc3 e4
36.Re3 Rd6 37.Rxd6 Bxd6 38.Qg4 Bf8 39.Qd1  1-0

[Event "23rd Open"]
[Site "Bratto ITA"]
[Date "2003.08.22"]
[Round "2"]
[White "Costantini,R"]
[Black "Milov,V"]
[Result "0-1"]
[WhiteElo "2334"]
[BlackElo "2595"]

1.e4 c5 2.b3 d6 3.Bb2 Nf6 4.Nc3 Nc6 5.f4 g6 6.Nd5 Bg7 7.Bc4 O-O 8.Nxf6+ Bxf6
9.Bxf6 exf6 10.Ne2 f5 11.d3 Qh4+ 12.g3 Qf6 13.O-O Re8 14.Bd5 Ne7 15.Qd2 fxe4
16.Bxe4 d5 17.Bf3 Nf5 18.Rfe1 d4 19.c3 Re3 20.Bg2 Bd7 21.b4 Rae8 22.Be4 b6
23.cxd4 cxd4 24.Qb2 Bc6 25.g4 Bxe4 26.dxe4 Nh4  0-1

[Event "23rd Open"]
[Site "Bratto ITA"]
[Date "2003.08.23"]
[Round "3"]
[White "Milov,V"]
[Black "Tatai,S"]
[Result "1-0"]
[WhiteElo "2595"]
[BlackElo "2343"]

1.d4 Nf6 2.Bg5 e6 3.e4 h6 4.Bxf6 Qxf6 5.c3 d6 6.Bd3 e5 7.Ne2 Nc6 8.O-O g5
9.Bb5 Bd7 10.Qa4 Qd8 11.dxe5 dxe5 12.Rd1 Bd6 13.Nd2 a6 14.Bxc6 Bxc6 15.Qc2 Qf6
16.Nc4 O-O-O 17.Ng3 Be7 18.Ne3 h5 19.Ngf5 Bc5 20.Nd5 Bxd5 21.Rxd5 Rxd5 22.exd5 Re8
23.Qe4 Qb6 24.b4 Bxf2+ 25.Kh1 Qg6 26.Rd1 Kb8 27.d6 cxd6 28.Rxd6 Re6 29.Rd7 Rc6
30.Re7 Qf6 31.c4 Bd4 32.h4 gxh4 33.Kh2 Rc7 34.Re8+ Ka7 35.c5 Qc6 36.Qxc6 Rxc6
37.Nd6 b5 38.Re7+ Kb8 39.Rb7+ Ka8 40.Rxf7 Bc3 41.a3 Be1 42.Kh3 Kb8 43.Rb7+ Ka8
44.Re7 Bg3 45.Rh7 Kb8 46.Rxh5 Rc7 47.Rh8+ Ka7 48.Kg4 Rg7+ 49.Kf3 Be1 50.Ke4 Bc3
51.Rxh4 Bb2 52.Rh3 Rxg2 53.Rh7+ Kb8 54.c6 Rc2 55.Rb7+ Ka8 56.c7  1-0

[Event "23rd Open"]
[Site "Bratto ITA"]
[Date "2003.08.24"]
[Round "4"]
[White "Dervishi,E"]
[Black "Milov,V"]
[Result "0-1"]
[WhiteElo "2495"]
[BlackElo "2595"]

1.e4 c5 2.Nf3 e6 3.d4 cxd4 4.Nxd4 a6 5.Bd3 Bc5 6.Nb3 Be7 7.c4 d6 8.Nc3 b6
9.Be3 Nf6 10.O-O Bb7 11.f4 Nbd7 12.Kh1 Qc7 13.Qe2 O-O 14.Rae1 Rac8 15.Bd2 Rfd8
16.Nd4 Qc5 17.Nf3 Qh5 18.b4 Bf8 19.a3 a5 20.Nd4 Qxe2 21.Rxe2 axb4 22.axb4 Ne5
23.fxe5 dxe5 24.Nf3 Rxd3 25.Nxe5 Rdd8 26.Na4 Ra8 27.Nxb6 Ra2 28.Nf3 Bxe4
29.Rxe4 Nxe4 30.Be1 Rd1 31.c5 Rc2 32.Rg1 h5 33.h3 Be7 34.Kh2 Bd8 35.Nc8 Bc7+
36.Kh1 g5 37.Ne7+ Kf8 38.Nc6 g4 39.hxg4 hxg4 40.Bh4 Rd5  0-1

[Event "23rd Open"]
[Site "Bratto ITA"]
[Date "2003.08.25"]
[Round "5"]
[White "Milov,V"]
[Black "Horvath,Cs1"]
[Result "1/2-1/2"]
[WhiteElo "2595"]
[BlackElo "2513"]

1.c4 g6 2.e4 c5 3.Nf3 Bg7 4.d4 Qb6 5.dxc5 Qxc5 6.Bd3 d6 7.h3 Nc6 8.O-O Be6
9.Nbd2 Qb6 10.Re1 Nf6 11.Nf1 O-O 12.Ne3 Rfc8 13.Nd5 Qd8 14.Bg5 Nd7 15.Qd2 Qf8
16.Rac1 h6 17.Be3 Kh7 18.b4 Nde5 19.Nxe5 Nxe5 20.Bf1 g5 21.Bd4 b6 22.Qe3 Bd7
23.Qd2 e6 24.Ne3 Rc7 25.Ng4 Nxg4 26.Bxg7 Kxg7 27.hxg4 e5 28.Be2 Rac8 29.Rc3 Be6
30.Rec1 Qe7 31.a3 Qd7 32.f3 Qe7 33.Qe3 Rc6 34.Kf2  1/2-1/2

[Event "23rd Open"]
[Site "Bratto ITA"]
[Date "2003.08.27"]
[Round "7"]
[White "Milov,V"]
[Black "Maksimenko,A"]
[Result "1/2-1/2"]
[WhiteElo "2595"]
[BlackElo "2512"]

1.d4 d5 2.c4 e6 3.Nf3 Nf6 4.Bg5 h6 5.Bxf6 Qxf6 6.e3 c6 7.Nbd2 Nd7 8.Bd3 dxc4
9.Nxc4 Bb4+ 10.Ke2 Qe7 11.Qc2 Bd6 12.Rhd1 O-O 13.Nxd6 Qxd6 14.Bh7+ Kh8 15.Be4 f5
16.Bd3 b6 17.Qc3 Bb7 18.Bc4 Qe7 19.a4 c5 20.a5 Rac8 21.d5 exd5 22.Bxd5 Ba6+
23.Ke1 b5 24.b4 f4 25.bxc5 Rxc5 26.Qd4 fxe3 27.Qxe3 Qf6 28.Rac1 Rxc1 29.Rxc1 b4
30.Rd1 Qb2  1/2-1/2

[Event "1st Israel Int Op"]
[Site "Ashod ISR"]
[Date "2003.10.12"]
[Round "1"]
[White "Kaplan,S"]
[Black "Milov,V"]
[Result "0-1"]
[WhiteElo "2267"]
[BlackElo "2574"]

1.e4 d6 2.d4 g6 3.Nc3 Bg7 4.Nf3 Nf6 5.Be2 Bg4 6.O-O Nc6 7.d5 Bxf3 8.Bxf3 Ne5
9.Be2 O-O 10.Be3 c6 11.f4 Ned7 12.Qd2 Qc7 13.Rae1 Nb6 14.Bd4 Rae8 15.a4 a5
16.Qd3 Nfd7 17.Bxg7 Kxg7 18.Qd4+ Kg8 19.Bg4 Nf6 20.Bf3 cxd5 21.e5 Nfd7 22.Bxd5 e6
23.Be4 dxe5 24.fxe5 Qc5 25.Rd1 Rb8 26.Qxc5 Nxc5 27.b3 Rfc8 28.Rd6 Nbd7 29.Re1 Nxe5
30.Nb5 Nxe4 31.Rxe4 Nc6 32.Re2 Rd8 33.Red2 Kf8 34.Rd7 Rbc8 35.R2d3 Rxd7 36.Rxd7 Ne5
37.Rxb7 Rxc2 38.Nd6 Rd2 39.Ne4 Rd4 40.Nf6 h5 41.Rb5 Nc6 42.Rc5 Ke7 43.Rxc6 Kxf6
44.Kf2 Rb4 45.Rc5 Rxb3 46.Rxa5 e5 47.Ra7 Ra3 48.a5 Ke6 49.a6 h4 50.h3 g5
51.Ke2 e4 52.Kf2 Ra2+ 53.Kf1 Kf6 54.Kg1 Ke6 55.Kf1 f6 56.Kg1 Kf5  0-1

[Event "1st Israel Int Op"]
[Site "Ashdod ISR"]
[Date "2003.10.13"]
[Round "2"]
[White "Milov,V"]
[Black "Kudischewitsch,D"]
[Result "1/2-1/2"]
[WhiteElo "2574"]
[BlackElo "2413"]

1.d4 Nf6 2.c4 c6 3.Nc3 Qa5 4.Bd2 e5 5.dxe5 Qxe5 6.Nf3 Qe6 7.e3 g6 8.Be2 Bg7
9.O-O O-O 10.b4 d6 11.Qb3 Nbd7 12.Rad1 Rd8 13.Bc1 Qe7 14.Bb2 a5 15.a3 axb4
16.axb4 Nb6 17.Rd2 Be6 18.Nd4 Bg4 19.Bd3 Nfd7 20.h3 Bxh3 21.Ne4 Be6 22.Nxe6 Qxe6
23.Bxg7 Kxg7 24.Rc1 Nf6 25.Nxf6 Qxf6 26.Be4 Ra1 27.Rxa1 Qxa1+ 28.Rd1 Qe5
29.Bf3 Nd7 30.Qd3 Nf6 31.b5 cxb5 32.cxb5 Rd7 33.Rc1 d5 34.Rd1 h5 35.Qa3 Rc7
36.b6 Rd7 37.Rc1 Qd6 38.Qb2 Re7 39.Rd1 Qe5 40.Qb5 Qd6 41.Qb2 Qe5 42.Qb3 Re6
43.Rb1 Rd6 44.Qa3 Nd7 45.Qa7  1/2-1/2

[Event "1st Israel Int Op"]
[Site "Ashdod ISR"]
[Date "2003.10.13"]
[Round "3"]
[White "Bar,R"]
[Black "Milov,V"]
[Result "1/2-1/2"]
[WhiteElo "2410"]
[BlackElo "2574"]

1.e4 d6 2.d4 g6 3.Nc3 Bg7 4.Be3 c6 5.h3 b5 6.Nf3 Nd7 7.Be2 Qc7 8.a4 b4 9.Nb1 Ngf6
10.Nbd2 O-O 11.c3 bxc3 12.bxc3 c5 13.O-O Bb7 14.Bd3 c4 15.Bc2 e5 16.a5 Ba6
17.Re1 Rab8 18.Qc1 Rfe8 19.Qa3 exd4 20.Bxd4 Ne5 21.Nxe5 dxe5 22.Bc5 Red8
23.Nf1 Rbc8 24.Bb4 Qc6 25.Be7 Rd7 26.Ba4 Bb5 27.Bxb5 Qxb5 28.Bxf6 Bxf6 29.Ne3 Qc6
30.Qa4 Rb7 31.Qxc6 Rxc6 32.Nd5 Kg7 33.Nb4 Rc8 34.Red1 Be7 35.Nd5 Bc5 36.Rd2 h5
37.Ra4 Rb1+ 38.Kh2 h4 39.g4 hxg3+ 40.Kxg3 Bf8 41.Ne3 Rb3 42.Rc2 Rb5 43.a6 Rc6
44.Nxc4 Rbc5 45.Ne3 Rxc3 46.Rxc3 Rxc3 47.Rc4 Ra3 48.Rc6 Bb4 49.Kg2 Ra2 50.Ng4 Ra5
51.Ne3 Be1 52.Kf1 Bd2 53.Nd5 Bg5 54.Kg2 Ra2 55.Nb4 Ra3 56.Nd5 Bd8 57.Rd6 Bh4
58.Ne3 Ra4 59.Rc6 Ra2 60.Ng4 Bd8 61.Nxe5 Bb6 62.Nd3 Rxa6 63.e5 Ra3 64.Rd6 Kf8
65.h4 Rb3 66.Nf4 Bc7 67.Rd5 a5 68.Rc5 Rb7 69.Nd5 Bd8 70.Rc8 Ke8 71.Ra8 Kd7
72.Ra6 Rb5 73.Nf6+ Kc8 74.f4 Rb6 75.Ra8+ Rb8 76.Ra7 Rb7  1/2-1/2

[Event "1st Israel Int Op"]
[Site "Ashdod ISR"]
[Date "2003.10.14"]
[Round "4"]
[White "Milov,V"]
[Black "Maryasin,B"]
[Result "1-0"]
[WhiteElo "2574"]
[BlackElo "2398"]

1.d4 g6 2.e4 d6 3.g3 Bg7 4.Bg2 Nf6 5.Ne2 O-O 6.O-O e5 7.h3 Re8 8.d5 c6 9.c4 cxd5
10.cxd5 b5 11.Be3 Nbd7 12.Nd2 a5 13.Nc3 Ba6 14.a4 bxa4 15.Re1 Qb8 16.Qxa4 Bd3
17.Bf1 Bxf1 18.Rxf1 Rc8 19.Ra2 Nc5 20.Bxc5 Rxc5 21.Nb3 Rc7 22.Nxa5 Rca7 23.b4 Qc8
24.Nb5 Qxh3 25.Qb3 Rd7 26.Qf3 Rb8 27.Nc3 Rxb4 28.Nc6 Ng4 29.Qg2 Qxg2+ 30.Kxg2 Rc4
31.Ra3 Rb7 32.Na5 Rbb4 33.Nxc4 Rxc4 34.Rb1 Bh6 35.Kf3 Nf6 36.Rb6 Bf8 37.Rc6 Rb4
38.Rc8 Kg7 39.Ra7 Rb3 40.Kg2 Ng4 41.Rcc7 Kg8 42.Rc8 h5 43.Nd1 Rd3 44.Ne3 Nxe3+
45.fxe3 Rxe3 46.Raa8 Rxe4 47.Rxf8+ Kg7 48.Rfd8 Re2+ 49.Kf1 Rd2 50.Rxd6 e4
51.Ra4 e3 52.Re4 Rf2+ 53.Ke1 Rf3 54.Rd8 Rxg3 55.d6 f5 56.d7 Rg1+ 57.Ke2 Rg2+
58.Kxe3 Rg3+ 59.Ke2 Rg2+ 60.Kf1 Rd2 61.Re7+ Kf6 62.Rh7  1-0

[Event "1st Israel Int Op"]
[Site "Ashdod ISR"]
[Date "2003.10.14"]
[Round "5"]
[White "Kholmov,R"]
[Black "Milov,V"]
[Result "0-1"]
[WhiteElo "2453"]
[BlackElo "2574"]

1.e4 c5 2.Nf3 e6 3.c3 Nf6 4.e5 Nd5 5.Bc4 d6 6.d4 cxd4 7.cxd4 Nc6 8.O-O Be7
9.Qe2 O-O 10.Rd1 Na5 11.Bxd5 exd5 12.Nc3 Be6 13.Bf4 a6 14.h3 Rc8 15.Rac1 h6
16.Na4 Rxc1 17.Rxc1 dxe5 18.Nxe5 Nc4 19.b3 Bg5 20.Bxg5 Qxg5 21.Rc3 Nd6 22.Nf3 Qg6
23.Kh2 Ne4 24.Rc1 Re8 25.Nc5 Bf5 26.Qe3 Qd6+ 27.Kg1 g5 28.b4 Re7 29.Qb3 Rc7
30.Nd3 Rxc1+ 31.Nxc1 Qc7 32.Ne2 Qc4 33.Qxc4 dxc4 34.Kf1 c3 35.Nc1 f6 36.Ke2 Kf7
37.Ne1 Nd6 38.Kd1 Ke6 39.Nc2 Kd5 40.Ne3+ Kxd4 41.Ne2+ Kd3 42.Nc1+ Ke4 43.Ne2 Be6
44.Kc2 Nb5 45.Nxc3+ Nxc3 46.Kxc3 Bxa2 47.Ng4 f5 48.Nf6+ Ke5 49.Nd7+ Kd6 50.Nc5 Bd5
51.g3 a5 52.f4 gxf4 53.gxf4 b6 54.Nd3 a4 55.h4 Be6 56.b5 a3 57.Nb4 a2 58.Kb2 Bc4
59.Nc2 Kc5 60.Ne3 Be6 61.Nc2 Bc4 62.Ne3 Bd3 63.Kxa2 Kd4 64.Nd1 Be2 65.Nb2 Bxb5
66.Kb3 Ke4 67.Kb4 Bf1  0-1

[Event "1st Israel Int Op"]
[Site "Ashdod ISR"]
[Date "2003.10.15"]
[Round "6"]
[White "Milov,V"]
[Black "Lerner,K"]
[Result "1-0"]
[WhiteElo "2574"]
[BlackElo "2524"]

1.d4 Nf6 2.c4 e6 3.Nc3 Bb4 4.e3 O-O 5.Bd3 c5 6.a3 Bxc3+ 7.bxc3 d6 8.e4 Nc6
9.Ne2 e5 10.d5 Ne7 11.f3 Ne8 12.g4 g6 13.h4 f6 14.Ng3 Ng7 15.Qe2 Qa5 16.Bd2 Bd7
17.O-O Rf7 18.f4 exf4 19.Rxf4 Raf8 20.Rf2 Qd8 21.Bf4 Nc8 22.Raf1 Qe7 23.Qf3 Ba4
24.h5 g5 25.Bd2 h6 26.e5 dxe5 27.Bg6 Nd6 28.Ne4 Nxe4 29.Qxe4 Ne8 30.Bxf7+ Qxf7
31.Be1 b6 32.Qe2 Bd7 33.Rg2 Nd6 34.Bg3 Qh7 35.Bxe5 fxe5 36.Rxf8+ Kxf8 37.Qxe5 Nf7
38.Rf2 Qg7 39.Qb8+ Be8 40.Re2 Qxc3 41.Qxe8+ Kg7 42.Qe4 Qg3+ 43.Rg2 Qc7 44.Rf2 Qg3+
45.Kf1 Ne5 46.d6 Qh3+ 47.Ke2 Qc3 48.Qb7+ Kg8 49.Qc8+ Kg7 50.Qc7+ Kg8 51.Qd8+  1-0

[Event "1st Israel Int Op"]
[Site "Ashdod ISR"]
[Date "2003.10.16"]
[Round "8"]
[White "Postny,E"]
[Black "Milov,V"]
[Result "1/2-1/2"]
[WhiteElo "2526"]
[BlackElo "2574"]

1.e4 d6 2.d4 g6 3.c4 Bg7 4.Nc3 Nf6 5.f3 O-O 6.Be3 e5 7.d5 c6 8.Qd2 cxd5 9.cxd5 a6
10.O-O-O Nbd7 11.g4 b5 12.Nce2 Nc5 13.Ng3 b4 14.Kb1 Rb8 15.h4 Na4 16.N1e2 Qa5
17.Ka1 Bb7 18.Nc1  1/2-1/2

[Event "1st Israel Int Op"]
[Site "Ashdod ISR"]
[Date "2003.10.17"]
[Round "9"]
[White "Erenburg,S"]
[Black "Milov,V"]
[Result "0-1"]
[WhiteElo "2500"]
[BlackElo "2574"]

1.e4 c5 2.c3 Nf6 3.e5 Nd5 4.d4 cxd4 5.Nf3 e6 6.cxd4 d6 7.Bc4 Nc6 8.O-O Be7
9.Qe2 O-O 10.Qe4 Qc7 11.Bd3 f5 12.exf6 Nxf6 13.Qe2 Nb4 14.Bc4 d5 15.Bb3 Nc6
16.Nc3 a6 17.Be3 Bd6 18.Rac1 Bd7 19.h3 Kh8 20.Na4 Be8 21.Nd2 Qe7 22.Rfe1 Bh5
23.Qd3 Nb4 24.Qf1 Be8 25.Nc3 Bg6 26.Red1 Nh5 27.Ne2 Nd3 28.Rc2 e5 29.Nb1 e4
30.g4 Nxf2 31.gxh5 Nxd1 32.Qxd1 Bxh5 33.Qe1 Rf3 34.Nec3 Bg3 35.Qd2 Raf8 36.Nxd5 Rf1+
37.Kg2 Qh4  0-1

[Event "Open"]
[Site "Bastia FRA"]
[Date "2003.10.29"]
[Round "3"]
[White "Milov,V"]
[Black "Cebalo,M"]
[Result "1-0"]
[WhiteElo "2574"]
[BlackElo "2486"]

1.d4 Nf6 2.c4 e6 3.Nc3 c5 4.d5 exd5 5.cxd5 d6 6.e4 g6 7.f4 Bg7 8.Bb5+ Nfd7
9.Nf3 a6 10.Bd3 b5 11.O-O O-O 12.a3 Nb6 13.f5 N8d7 14.Bg5 f6 15.Bf4 Ne5 16.b4 Bd7
17.h4 Qe7 18.Nxe5 fxe5 19.Bg5 Bf6 20.Qd2 Rac8 21.Rf3 cxb4 22.axb4 Nc4 23.Bxc4 Rxc4
24.fxg6 Bxg5 25.gxh7+ Kxh7 26.hxg5 Bc8 27.Rxf8 Qxf8 28.Rf1 Qg7 29.Rf6 Qa7+
30.Kh2 Qd4 31.Qe2  1-0

[Event "Open"]
[Site "Bastia FRA"]
[Date "2003.10.31"]
[Round "8"]
[White "Van Wely,L"]
[Black "Milov,V"]
[Result "1/2-1/2"]
[WhiteElo "2654"]
[BlackElo "2574"]

1.d4 Nf6 2.c4 e6 3.Nc3 Bb4 4.Qc2 O-O 5.a3 Bxc3+ 6.Qxc3 b6 7.Bg5 Ba6 8.Qf3 Nc6
9.e3 h6 10.Bh4 Re8 11.Rc1 Bb7 12.b4 a6 13.Qd1 d6 14.Ne2 a5 15.b5 Nb8 16.Nc3 Nbd7
17.f3 e5 18.Be2 Nf8 19.dxe5 dxe5 20.Qxd8 Raxd8 21.e4 g5 22.Bf2 Ne6 23.Nd5 Nd7
24.h4 Kg7 25.Be3 Ndc5 26.Kf2 Nb3 27.Rb1 Nbd4 28.Rh2 Rh8 29.Rbh1 Rdf8 30.Bd3 f6
31.Bxd4 exd4 32.Ne7 Kf7 33.Nf5 g4 34.fxg4 Nc5 35.Rd1 Rd8 36.Rh3 Bxe4 37.Bxe4 Nxe4+
38.Kf1 Nd6 39.Rhd3 Nxc4 40.Rc1 Ne3+ 41.Nxe3 dxe3 42.Rxc7+ Kg6 43.Rxe3 h5
44.g5 fxg5 45.Rc6+ Kf5 46.hxg5 Kxg5 47.Rxb6 Rd1+ 48.Ke2 Rb1 49.Rb7 Rc8 50.Rg7+ Kf6
51.Rb7 Rc2+ 52.Kf3 Rbb2 53.g3 Rc5 54.Re4 Rbxb5 55.Rxb5  1/2-1/2

[Event "Open"]
[Site "Santo Domingo DOM"]
[Date "2003.11.27"]
[Round "1"]
[White "Goettin,G"]
[Black "Milov,V"]
[Result "0-1"]
[WhiteElo "2087"]
[BlackElo "2574"]

1.e4 c5 2.Nf3 e6 3.d4 cxd4 4.Nxd4 a6 5.c4 Nf6 6.Nc3 Qc7 7.a3 b6 8.Bd3 Bb7
9.O-O Bc5 10.Nf3 Nc6 11.Qe2 Ng4 12.g3 Nce5 13.Nxe5 Nxe5 14.Na4 O-O 15.Nxc5 bxc5
16.Bf4 a5 17.Rfd1 d6 18.Bxe5 dxe5 19.Bc2 a4 20.Rd2 Bc6 21.Rad1 Rfb8 22.Bb1 h6
23.Qe3 Be8 24.Qe2 Rb3 25.Ba2 Rb6 26.h4 Rab8 27.f3 f5 28.Bb1 f4 29.gxf4 Qe7
30.Qf2 exf4 31.e5 Rb3 32.Re2 Bc6 33.Rd3 Rxd3 34.Bxd3 Rd8 35.Be4 Rd1+ 36.Kg2 Bxe4
37.Rxe4 Qd8 38.Re2 Qd3 39.Rc2 Qg6+ 40.Kh2 Rd4 41.Rd2 Qg3+ 42.Qxg3 fxg3+ 43.Kxg3 Rxd2  0-1

[Event "Open"]
[Site "Santo Domingo DOM"]
[Date "2003.11.28"]
[Round "2"]
[White "Milov,V"]
[Black "Munoz,Li"]
[Result "1-0"]
[WhiteElo "2574"]
[BlackElo "2272"]

1.d4 d5 2.c4 c6 3.Nc3 Nf6 4.e3 Bf5 5.cxd5 cxd5 6.Qb3 Bc8 7.Nf3 a6 8.Ne5 e6
9.Bd2 Nfd7 10.Nxd7 Nxd7 11.Bd3 Bd6 12.O-O Qb6 13.Qc2 f5 14.Na4 Qd8 15.a3 O-O
16.Bb4 Nf6 17.Bxd6 Qxd6 18.Rac1 Ng4 19.Qc7 Qxc7 20.Rxc7 b5 21.Nb6 Rb8 22.Rc6 Kf7
23.Rfc1 Bb7 24.Rc7+  1-0

[Event "Open"]
[Site "Santo Domingo DOM"]
[Date "2003.11.29"]
[Round "3"]
[White "Mateo,Ra"]
[Black "Milov,V"]
[Result "0-1"]
[WhiteElo "2445"]
[BlackElo "2574"]

1.e4 c5 2.Nf3 e6 3.d4 cxd4 4.Nxd4 a6 5.Nc3 d6 6.g4 Ne7 7.Be3 b5 8.g5 Nec6
9.Nxc6 Nxc6 10.Bg2 Be7 11.h4 Bb7 12.Ne2 Qc7 13.Nf4 Rd8 14.O-O O-O 15.Nh5 d5
16.exd5 exd5 17.c3 Rfe8 18.Re1 Bf8 19.Qf3 Ba8 20.Bf4 Qa7 21.Qg3 Kh8 22.Bc7 Rc8
23.Bd6 Ne7 24.Bh3 Rc4 25.Be5 Re4 26.Bd4 Qb8 27.f3 Rxe1+ 28.Rxe1 Nc6 29.Qxb8 Rxb8
30.Bd7 Nxd4 31.cxd4 Bd6 32.Kf2 Kg8 33.Re8+ Rxe8 34.Bxe8 Kf8 35.Bd7 Bb7 36.Ke3 Bb4
37.Nf4 Ke7 38.Nd3 Bd6 39.Bg4 a5 40.Nc5 Bc6 41.f4 f6 42.Bf3 b4 43.Be2 fxg5
44.hxg5 h6 45.Nd3 hxg5 46.fxg5 Bh2 47.Ne5 Be8 48.Nf3 Bg3 49.Ne5 Kd6 50.Nf3 Ke6
51.Bd3 Bh5 52.b3 Bg4 53.Ba6 Kd6 54.Bd3 Bh3 55.Bh7 Ke7 56.Bg8 Be6 57.Bh7 Kd6
58.Bd3 Bg4 59.Bc2 Ke6 60.Ng1 Bf5 61.Bd1 Bb1 62.Ne2 Bh2 63.Nf4+ Kd6 64.Ne2 Ke6
65.Nf4+ Kf5 66.Nxd5 Bg1+ 67.Kd2 Ke4 68.Kc1 Bd3 69.Ne7 Be3+ 70.Kb2 Bxd4+ 71.Kc1 Be3+
72.Kb2 Bxg5 73.Nc6 Ke3 74.a3 Kd2 75.Bg4 Bf6+ 76.Ka2 Kc1 77.axb4 Bb2  0-1

[Event "Open"]
[Site "Santo Domingo DOM"]
[Date "2003.11.30"]
[Round "4"]
[White "Milov,V"]
[Black "Campora,D"]
[Result "1-0"]
[WhiteElo "2574"]
[BlackElo "2503"]

1.d4 Nf6 2.c4 e6 3.Nc3 Bb4 4.e3 O-O 5.Bd3 c5 6.Ne2 d5 7.cxd5 exd5 8.O-O Nc6
9.a3 cxd4 10.axb4 dxc3 11.b5 Ne5 12.Nxc3 Be6 13.Be2 Nc4 14.b3 Nd6 15.Bb2 Re8
16.Ra4 Nf5 17.Bd3 Qd7 18.Qb1 Red8 19.Rf4 d4 20.Ne2 Nd6 21.Nxd4 Nde8 22.Rd1 Qe7
23.h3 h6 24.Nxe6 Qxe6 25.Bc4 Qe7 26.e4 Rxd1+ 27.Qxd1 Rd8 28.Qf3 Qd6 29.e5 Qd1+
30.Kh2 Qxf3 31.Rxf3 Nd5 32.Rd3 Nec7 33.Ba3 Rd7 34.Kg3 Nb6 35.Rxd7 Nxd7 36.Kf4 g6
37.Ke4 Kg7 38.Bd6 Ne6 39.Bd5 h5 40.b4 b6 41.Bc6 f5+ 42.Kd5 Nf4+ 43.Kc4 Nf8
44.Bb8 g5 45.Bxa7 g4 46.Bxb6 gxh3 47.gxh3 Nxh3 48.Bd8  1-0

[Event "Open"]
[Site "Santo Domingo DOM"]
[Date "2003.12.02"]
[Round "7"]
[White "Milov,V"]
[Black "Alekseev,E"]
[Result "1/2-1/2"]
[WhiteElo "2574"]
[BlackElo "2613"]

1.d4 Nf6 2.c4 e6 3.Nc3 Bb4 4.e3 O-O 5.Ne2 Re8 6.a3 Bf8 7.g3 d5 8.cxd5 exd5
9.Bg2 c6 10.O-O a5 11.Bd2 Na6 12.Nf4 Bf5 13.f3 h5 14.Rf2 b5 15.Bf1 Bd6 16.Be2 Qd7
17.Kh1 Bh7 18.Qf1 Nc7 19.Bd3 Bxd3 20.Nxd3 Ne6 21.Rc1 Qb7 22.Ne2 b4  1/2-1/2

[Event "North American Open"]
[Site "Las Vegas USA"]
[Date "2003.12.27"]
[Round "2"]
[White "Mulyar,M"]
[Black "Milov,V"]
[Result "0-1"]
[WhiteElo "2424"]
[BlackElo "2574"]

1.e4 c5 2.Nf3 e6 3.d4 cxd4 4.Nxd4 a6 5.Nc3 d6 6.g4 Ne7 7.Be3 b5 8.a3 Bb7
9.Qd2 Nd7 10.O-O-O Rc8 11.g5 Nc5 12.Bg2 Ng6 13.f4 Nh4 14.Rhe1 Nxg2 15.Qxg2 Qa5
16.Kb1 b4 17.axb4 Qxb4 18.f5 Be7 19.g6 fxg6 20.fxe6 Bf6 21.Na2 Qb6 22.Nb3 O-O
23.Qd2 Qxb3 24.cxb3 Bxe4+ 25.Qc2 Bxc2+ 26.Kxc2 Nxe6+ 27.Nc3 Be5 28.Rd2 Rc6  0-1